ग्रामपंचायत मार्गदर्शिका (Record no. 1218132)

MARC details
000 -LEADER
fixed length control field 00722nam a2200193Ia 4500
008 - FIXED-LENGTH DATA ELEMENTS--GENERAL INFORMATION
fixed length control field 151121s9999||||xx |||||||||||||| ||und||
082 ## - DEWEY DECIMAL CLASSIFICATION NUMBER
Classification number 650/कलोडे
082 ## - DEWEY DECIMAL CLASSIFICATION NUMBER
Item number HNW-14455
100 ## - MAIN ENTRY--PERSONAL NAME
Personal name कलोडे ना।गो।
245 ## - TITLE STATEMENT
Title ग्रामपंचायत मार्गदर्शिका
260 ## - PUBLICATION, DISTRIBUTION, ETC. (IMPRINT)
Name of publisher, distributor, etc "अरुण प्रकाशन, भंडारा"
260 ## - PUBLICATION, DISTRIBUTION, ETC. (IMPRINT)
Date of publication, distribution, etc --
300 ## - PHYSICAL DESCRIPTION
Extent 144
600 ## - SUBJECT ADDED ENTRY--PERSONAL NAME
Personal name कलोडे ना।गो।
630 ## - SUBJECT ADDED ENTRY--UNIFORM TITLE
Uniform title ग्रामपंचायत मार्गदर्शिका
700 ## - ADDED ENTRY--PERSONAL NAME
Personal name कलोडे ना।गो।
730 ## - ADDED ENTRY--UNIFORM TITLE
Uniform title ग्रामपंचायत मार्गदर्शिका
942 ## - ADDED ENTRY ELEMENTS (KOHA)
Koha item type Book
Holdings
Withdrawn status Lost status Damaged status Not for loan Home library Current library Date acquired Cost, normal purchase price Total Checkouts Full call number Barcode Date last seen Cost, replacement price Price effective from Koha item type
        Hirachand Nemchand Wachanalaya, Solapur Hirachand Nemchand Wachanalaya, Solapur 11/21/2015 3.00   HNW-14455 HNW-14455 11/21/2015 3.00 11/21/2015 Book